000 00448nam a22001817a 4500
003 MPLRDC
005 20220104161058.0
008 210129b ||||| |||| 00| 0 eng d
020 _a7-5028-2556-8
082 _a192.13 ALT
100 _a哈乐德.艾略特
245 _a积聚人气
_c梁军译
250 _a一版一刷
260 _a中国
_b地震出版社
_c2004
300 _b
650 _a修身--青年
942 _cBK
_o192.13 ALT
999 _c55309
_d55299